000 00623nam a22001937a 4500
999 _c171040
_d171040
005 20200103152037.0
010 _aA-26132
020 _c6.00
_a-
035 _aA-26132
037 _bBPPD
082 _a 841.08
100 _aکنو ل کر شن با لی
245 _aمطا لعہ حا لی
_cکنو ل کر شن با لی
246 _aMutalah Hali (Urdu)
_bby Kanwal Krishan Hali
260 _aLucknow
_c1980 ء
_bUrdu Publishers
270 _bNazirabad
_k-
_e-
_aNazirabad ,Lucknow
300 _a104 ص
_c22 cm(hb)
942 _2ddc
_cUR
_h841.08
_mح ا ل